Biblioteca

Pluralismo de las convicciones, búsqueda de la verdad y sociedad. Algunas notas sobre la Declaración "Dominus lesus" (Registro nro. 68340)

Detalles MARC
000 -LÍDER
Campo fijo de descripción fija 01325nab a2200193 i 4500
001 - NÚMERO DE CONTROL
Campo de control 768714001
003 - IDENTIFICADOR DEL NÚMERO DE CONTROL
Campo de control CO-MdFUSB
005 - FECHA Y HORA DE LA ULTIMA TRANSACCIÓN
control field 20221109153211.0
008 - ELEMENTOS DE LONGITUD FIJA -- INFORMACIÓN GENERAL
Campo fijo de descripción fija -- Información general 221109s2003 sp ||||| |||| 00| 0 spa d
040 ## - FUENTE DE CATALOGACIÓN
Idioma de catalogación spa
Agencia que realiza la transcripción CO-MdFUSB
Agencia que realiza la modificación CO-MdFUSB
041 ## - CÓDIGO DE IDIOMA
Código de idioma para texto/pista de sonido o título separado por
100 ## - ASIENTO PRINCIPAL--NOMBRE PERSONAL
Nombre personal Berten, Ignace,
Término relacionador autor
245 ## - TÍTULO
Título Pluralismo de las convicciones, búsqueda de la verdad y sociedad. Algunas notas sobre la Declaración "Dominus lesus"
Mención de responsabilidad / Ignace Berten
300 ## - DESCRIPCIÓN FÍSICA
Extensión Número 302, (Septiembre 2003), páginas 31- 42
Dimensiones ; 21 cm
520 ## - NOTA DE RESUMEN, ETC.
Nota de sumario, etc. El encuentro de la fe cristiana con otras tradiciones religiosas y otras culturas no acontece sin problemas ni tensiones. Encontramos un ejemplo evidente en el dialogo interreligioso que se desarrolla en Asia. Quienes se arriesgan a dialogar se sienten tocados en sus propias convicciones. Las expresiones de la fe, recibidos de forma más o menos evidente, se ven sometidas a la prueba en tanto que se exponen la experiencia y las convicciones del otro, más aún en cuanto que aquéllas hunden sus raíces en tradiciones que frecuentemente son más antiguas que el cristianismo.
650 #7 - ASIENTO SECUNDARIO DE MATERIA - TERMINO TEMÁTICO
9 (RLIN) 385
Término temático o nombre geográfico como elemento de entrada Religión
773 0# - ASIENTO DE ITEM FUENTE
Biblionumber 49450
Itemnumber 60412
Otro identificador del ítem R0334
Título Revista internacional de teología Concilium
Número de control del registro (CO-MdFUSB)8
Número Internacional Normalizado para Publicaciones Seriadas (ISSN) 0210-1041
Parte(s) relacionada(s) / Volumen., número. (mes año), páginas Número 302, (Septiembre 2003), páginas 31- 42
Enumeración y primera página páginas 31
942 ## - TIPO DE MATERIAL (KOHA)
Tipo de Item KOHA Artículos de Revista

No hay ítems disponibles.

Biblioteca FUSBC | Teléfono: (57+4) 349 88 10 Ext. 141| WhatsApp (+57) 3005338115 
E-mail: biblioteca@unisbc.edu.co | Calle 76 87-14 Robledo Palenque, Medellín, Colombia

Con tecnología Koha